Pojizeří
| Korporativní autor: | Kartografické nakladatelství (Praha, Česko) |
|---|---|
| Další autoři: | Vinař, Jaroslav, 1921-, Beneš, Ivan, Roulová, Zdenka, 1937-, Guth, Václav, Kejř, Jaroslav, Hlaváč, Lumír, Hanka, Antonín, Melicharová, Jitka, 1923-, Vršťala, Josef, 1928-, Rohlík, Jiří, 1933-, Český svaz turistů. Ústřední výbor |
| Jazyk: | Ruština Němčina Čeština Angličtina |
| Vydáno: |
[Praha] : Kartografické nakladatelství za spolupráce ústředního výboru ČST, 1970 |
| Vydání: | 2. vyd. |
| Edice: |
Soubor turistických map 1:100 000 (Kartografické nakladatelství)
|
| Témata: | |
| Externí odkaz: |
Digitalizovaný dokument
|
| Fyzický popis: |
1 mapa : barev. ; 48 x 41 cm, na listu 57 x 44 cm, složeno na 22 x 11 cm |
| Language note: |
Legenda česky, rusky, anglicky a německy |
| LEADER | 02924nem a2200577 a 4500 | ||
|---|---|---|---|
| 001 | 001388742 | ||
| 003 | CZ BrMZK | ||
| 005 | 20140520161755.0 | ||
| 007 | aj|canzn | ||
| 008 | 111208s1970 xr acg a 0| cze d | ||
| 034 | 1 | |a a |b 100000 |d E0142634 |e E0150229 |f N0503233 |g N0500534 | |
| 040 | |a BOA001 |b cze | ||
| 041 | 0 | |a cze |a rus |a eng |a ger | |
| 043 | |a e-xr--- |b e-xr-cc |2 czenas | ||
| 072 | 7 | |a 796 |x Sport. Hry. Tělesná cvičení |2 Konspekt |9 20 | |
| 072 | 7 | |a 912 |x Mapy. Atlasy. Glóby |2 Konspekt |9 7 | |
| 080 | |a 796.5:625.711.8 |2 MRF | ||
| 080 | |a 913:338.483.1 |2 MRF | ||
| 080 | |a 913(437.31-17) |2 MRF | ||
| 080 | |a (084.3)796.5 |2 MRF | ||
| 245 | 0 | 0 | |a Pojizeří |h [kartografický dokument] / |c zpracoval Kartografický a reprodukční ústav v Praze ; odpovědný redaktor 1. vyd. Ivan Beneš ; odpovědný redaktor 2. vyd.: Jaroslav Vinař ; technická redaktorka 1. vyd. Zdenka Roulová ; technický redaktor 2. vyd. Václav Guth ; spolupracovali J. Kejř, L. Hlaváč, A. Hanka ; text: J. Vinařová-Melicharová ; obálka: J. Vršťala ; 2. vyd. recenzoval J. Rohlík |
| 250 | |a 2. vyd. | ||
| 255 | |a Měřítko 1:100 000 |c (14°26´34" v.d.--15°02´29" v.d./50°32´33" s.š.--50°05´34" s.š.) | ||
| 260 | |a [Praha] : |b Kartografické nakladatelství za spolupráce ústředního výboru ČST, |c 1970 | ||
| 300 | |a 1 mapa : |b barev. ; |c 48 x 41 cm, na listu 57 x 44 cm, složeno na 22 x 11 cm | ||
| 490 | 1 | |a Soubor turistických map ; |v 3 | |
| 500 | |a Na rubu doprovodný text a obálkový titul a plánek Cinibulkovy okružní cesty | ||
| 546 | |a Legenda česky, rusky, anglicky a německy | ||
| 500 | |a Dostupné též v digitální podobě v aplikaci Kramerius | ||
| 650 | 0 | 7 | |a turistické trasy |7 ph606745 |2 czenas |
| 650 | 0 | 7 | |a turistické zajímavosti |7 ph126800 |2 czenas |
| 655 | 7 | |a turistické mapy |7 fd133737 |2 czenas | |
| 651 | 7 | |a Pojizeří (Česko) |7 ge137863 |2 czenas | |
| 700 | 1 | |a Vinař, Jaroslav, |d 1921- |7 jk01142405 |4 pbd | |
| 700 | 1 | |a Beneš, Ivan |7 mzk2009535293 |4 ant | |
| 700 | 1 | |a Roulová, Zdenka, |d 1937- |7 stk2008428677 |4 ant | |
| 700 | 1 | |a Guth, Václav |4 red | |
| 700 | 1 | |a Kejř, Jaroslav |4 oth | |
| 700 | 1 | |a Hlaváč, Lumír |7 jk01041183 |4 oth | |
| 700 | 1 | |a Hanka, Antonín |4 oth | |
| 700 | 1 | |a Melicharová, Jitka, |d 1923- |7 jk01081145 |4 aut | |
| 700 | 1 | |a Vršťala, Josef, |d 1928- |7 xx0175063 |4 bjd | |
| 700 | 1 | |a Rohlík, Jiří, |d 1933- |7 jk01102602 |4 rev | |
| 710 | 2 | |a Kartografické nakladatelství (Praha, Česko) |4 pbl | |
| 710 | 2 | |a Český svaz turistů. |b Ústřední výbor |4 pbl | |
| 830 | 0 | |a Soubor turistických map 1:100 000 (Kartografické nakladatelství) |0 s | |
| 856 | 4 | 1 | |u http://www.digitalniknihovna.cz/mzk/uuid/uuid:d23f19b0-306d-11e9-844c-005056827e51 |y Digitalizovaný dokument |x NDK |
| 910 | |a BOA001 |b Skř.9A-0576.502-70 | ||
| 990 | |a MP | ||
| 991 | |b 201405 | ||
| 996 | 6 | |b 2619016294 |c Skř.9A-0576.502-70 |l MZK |r Sklad / do 24 hodin |n 0 |w 001438243 |u 000010 |a 1 |e BOA001 |j MZK50 |s P | |
English
Čeština 